000 00662nam a2200229Ia 4500
003 OSt
005 20220928125902.0
006 a|||||r|||| 00| 0
007 ta
008 220927b |||||||| |||| 00| 0 san d
024 _a31006
037 _cReference Collections
040 _aSDCL
_cSDCL
_bsan
041 _2san
_asan
082 _aQ14b, K6 RR
100 _aVishva Bandhu Ed.
_9460961
245 0 _aAtharvavediya brahat sarvanukramanika.
260 _aHoshiarpur
_bVishveshvaranand Institute
_c1966
300 _axx,197p
_ccm.
942 _hQ14b, K6 RR
_cREF
_2CC
999 _c784792
_d784792